00574 a2200121 450000500170000002000180001708200190003511100080005424501250006226000510018730000570023885601570029520250602091344.0 a0-7517-1612-X aLECT 657.3 AAT aAAT aTechnician unit 12: Drafting financial statements (Central government): For assessment in December 2004 and June 2005.  aLondon, bBPP professional education, c2004.  axviii, 232p.: ill.; figure, picture, table. c30cm.  yAccess online bookfTechnician unit 12: Drafting financial statements (Central government): For assessment in December 2004 and June 2005. dww.bpp.com